[Event "TCh-AUT 2 Mitte 2012-13"]
[Site "Fuerstenfeld AUT"]
[Date "2013.04.21"]
[Round "11.2"]
[White "Kuba,G"]
[Black "Degtiarev,E"]
[Result "0-1"]
[WhiteElo "2387"]
[BlackElo "2378"]

1.e4 c5 2.Nf3 d6 3.Bb5+ Nc6 4.O-O Bd7 5.Re1 Nf6 6.c3 a6 7.Bf1 e5 8.h3 Be7
9.d4 Rc8 10.dxc5 dxc5 11.Na3 b5 12.Nc2 O-O 13.Nd2 c4 14.a4 Qb6 15.Ne3 Be6
16.Qf3 Rfd8 17.g4 Rd7 18.Be2 Rcd8 19.Ndf1 Bc5 20.Nf5 Nxe4 21.N1e3 Bxf5 22.Qxf5 Nd6
23.Qf3 e4 24.Qg3 Ne7 25.axb5 axb5 26.Rd1 Qc6 27.h4 Bb6 28.h5 Bc7 29.Qg2 Nb7
30.Rxd7 Qxd7 31.Qxe4 Nc5 32.Qf3 Nb3 33.Rb1 Re8 34.h6 Qd6 35.hxg7 Qg6 36.Nf5 Nxf5
37.Qxf5 Qxf5 38.gxf5 Nxc1  0-1

[Event "TCh-AUT 2 Mitte 2012-13"]
[Site "Fuerstenfeld AUT"]
[Date "2013.04.21"]
[Round "11.1"]
[White "Velicka,P"]
[Black "Mohr,G"]
[Result "1/2-1/2"]
[WhiteElo "2469"]
[BlackElo "2483"]

1.e4 c5 2.Nf3 d6 3.Bb5+ Nd7 4.d4 cxd4 5.Qxd4 e5 6.Qd3 a6 7.Bxd7+ Bxd7 8.a4 h6
9.c4 Nf6 10.Nc3 Be7 11.O-O O-O 12.a5 b6 13.axb6 Qxb6 14.Be3 Qb7 15.b4 Rfc8
16.Rfb1 Be6 17.Nd2 Ng4 18.Nd5 Nxe3 19.fxe3 Bd8 20.Rb3 Rc6 21.h3 Rb8 22.Kh2 Qc8
23.Rba3 g6 24.Ra4 Kg7 25.Qa3 Bg5 26.Ra5 Rxc4 27.Nxc4 Qxc4 28.Rxa6 Qxe4 29.Nc7 Bc4
30.b5 Qxe3 31.Qxe3 Bxe3 32.Rxd6 e4 33.Rd7 Bxb5 34.Nxb5 Rxb5 35.Rf1 Rf5  1/2-1/2

[Event "Nakhchivan Open A 2013"]
[Site "Nakhchivan AZE"]
[Date "2013.04.22"]
[Round "1.25"]
[White "Abasov,N"]
[Black "Rahmanov,S"]
[Result "1-0"]
[WhiteElo "2479"]
[BlackElo "2230"]

1.e4 c5 2.Nf3 d6 3.Bb5+ Bd7 4.Bxd7+ Qxd7 5.O-O Nc6 6.Re1 Nf6 7.b3 g6 8.Bb2 Bg7
9.d4 cxd4 10.Nxd4 O-O 11.c4 Nh5 12.Qd2 Nxd4 13.Bxd4 Bxd4 14.Qxd4 b5 15.Na3 bxc4
16.Nxc4 Nf4 17.Qd2 Qg4 18.Ne3 Qe6 19.f3 Rfc8 20.Rad1 Rc5 21.b4 Rcc8 22.Kh1 Nh5
23.a4 Nf6 24.Rb1 Qe5 25.Nd5 Nxd5 26.exd5 Qf6 27.Rbc1 h5 28.Rc6 Re8 29.b5 h4
30.h3 Rad8 31.Rc4 Rc8 32.Rc6 Rcd8 33.Rc7 e6 34.Rxa7 exd5 35.Rd1 Rc8 36.b6 Qf5
37.b7 Rc2 38.Qxd5 Rc1 39.Qxf5 Rxd1+ 40.Kh2 gxf5 41.Ra8 Re1 42.a5  1-0

[Event "7th Agzamov Memorial"]
[Site "Tashkent UZB"]
[Date "2013.04.22"]
[Round "9"]
[White "Muminova,N"]
[Black "Kuderinov,K"]
[Result "0-1"]
[WhiteElo "2312"]
[BlackElo "2451"]

1.e4 c5 2.Nf3 d6 3.Bb5+ Nd7 4.O-O a6 5.Be2 Ngf6 6.d3 g6 7.h3 Bg7 8.Be3 O-O
9.Qd2 b5 10.Bh6 Bb7 11.Nc3 e5 12.Rae1 Qc7 13.Nh2 b4 14.Nd1 d5 15.Bf3 dxe4
16.dxe4 a5 17.Ng4 Nxg4 18.hxg4 Rfd8 19.Bxg7 Kxg7 20.Qg5 h6 21.Qh4 Qd6 22.Ne3 Qf6
23.Qh2 Qf4 24.Qh1 Nf6 25.g3 Qg5 26.Rd1 Nh7 27.Bg2 Rxd1 28.Rxd1 Rd8 29.Kh2 Qf6
30.f3 Ng5 31.Qf1 Ba6 32.Qh1 Ne6 33.Nd5 Qg5 34.Qe1 h5 35.gxh5 Qxh5+ 36.Kg1 Nd4
37.g4 Qh6 38.c3 Ne2+ 39.Kf2 Qh4+ 40.Ke3 Nf4 41.Bf1 Qh2 42.c4 Bxc4 43.Qf2 Nxd5+  0-1

[Event "48th Capablanca Open I 2013"]
[Site "Havana CUB"]
[Date "2013.04.23"]
[Round "3.47"]
[White "Ordunez Echarte,D"]
[Black "Salgado Segui,Roberto"]
[Result "1-0"]
[WhiteElo "2306"]
[BlackElo "2226"]

1.e4 c5 2.Nf3 d6 3.Bb5+ Bd7 4.Bxd7+ Qxd7 5.O-O Nf6 6.Re1 Nc6 7.c3 e6 8.d4 cxd4
9.cxd4 d5 10.e5 Ng8 11.Nc3 h5 12.a3 Rc8 13.Bg5 Nge7 14.Rc1 Nf5 15.Qd3 Be7
16.h4 Bxg5 17.hxg5 g6 18.Rc2 Kf8 19.Na4 Kg7 20.Nc5 Qe7 21.Rec1 b6 22.Na6 Qb7
23.b4 b5 24.Nc5 Qb6 25.Nb3 a6 26.Rc5 Nce7 27.g3 Ra8 28.Kg2 Ra7 29.Nfd2 Qb8
30.Na5 Qd8 31.Ndb3 Qd7 32.f3 Qd8 33.Rh1 Nc8 34.Nc6 Qxg5 35.f4 Qg4 36.Nxa7 Nxa7
37.Qf3 Ra8 38.Qxg4 hxg4 39.Kf2 Nc8 40.Rc6 Nce7 41.Rc7 Kg8 42.Nc5 Kg7 43.Nd7 Ng8
44.Nc5 Nge7 45.Nb3 Kg8 46.Na5 Kg7 47.Nb7 Ra7 48.Rhc1 Ra8 49.R1c3 Rh8 50.Kg2 Rh3
51.Nd6 g5 52.fxg5 Kg6 53.Ra7 Kxg5 54.Nxf7+ Kg6 55.Nd8 Ng8 56.Nxe6 Nh4+ 57.Kf2 Kf5
58.Ng7+  1-0

[Event "Zonal 2.5 2013"]
[Site "Montevideo URU"]
[Date "2013.04.23"]
[Round "7.3"]
[White "Almiron,A"]
[Black "Mareco,S"]
[Result "0-1"]
[WhiteElo "2194"]
[BlackElo "2580"]

1.e4 c5 2.Nf3 d6 3.Bb5+ Nd7 4.O-O Nf6 5.Re1 a6 6.Bxd7+ Nxd7 7.Nc3 Ne5 8.Nxe5 dxe5
9.Qh5 Qd6 10.Nd5 g6 11.Qg5 f6 12.Qg3 Kf7 13.d3 e6 14.Nc3 Be7 15.Rf1 g5 16.h4 h6
17.Qf3 Kg7 18.Qg3 Kh7 19.Be3 Bd7 20.f3 Rag8 21.hxg5 hxg5 22.Kf2 f5 23.Rh1+ Kg6
24.Bd2 f4 25.Qg4 c4 26.Ke2 cxd3+ 27.cxd3 Rd8 28.Rad1 Bb5  0-1

[Event "ch-CHN w 2013"]
[Site "Xinghua CHN"]
[Date "2013.04.23"]
[Round "7.2"]
[White "Ni,Shiqun"]
[Black "Li Xueyi"]
[Result "1/2-1/2"]
[WhiteElo "2213"]
[BlackElo "2135"]

1.e4 c5 2.Nf3 d6 3.Bb5+ Nc6 4.O-O Bd7 5.c3 Nf6 6.Re1 a6 7.Bxc6 Bxc6 8.d4 Bxe4
9.Bg5 Bd5 10.c4 Bxc4 11.Nc3 h6 12.Bxf6 gxf6 13.d5 Qb6 14.Nd2 Bd3 15.Qf3 c4
16.b3 Bg7 17.Nxc4 Bxc4 18.bxc4 f5 19.Rab1 Qc7 20.Ne2 O-O-O 21.Qxf5+ Kb8 22.Qxf7 Be5
23.Rb3 Rdf8 24.Qe6 Rf6 25.Qg4 h5 26.Qe4 Rhf8 27.f3 h4 28.Qxh4 Qc5+ 29.Kf1 R6f7
30.Reb1 Qc8 31.Qf2 e6 32.dxe6 Qxe6 33.Qh4 Qg6 34.h3 Rg8 35.Qf2 Qe6 36.Rc1 Rfg7
37.f4 Rxg2 38.Qxg2 Rxg2 39.Kxg2 Qg6+ 40.Kf2 Bf6 41.Rcb1 Bh4+ 42.Kf1 Qe4 43.Rxb7+ Kc8
44.R7b3 Qh1+ 45.Ng1 Qe4 46.Ne2 Qh1+ 47.Ng1 Qe4 48.Nf3 Qxc4+ 49.Kg1 Qxf4 50.Nxh4 Qxh4
51.Rc3+ Kd7 52.Rcb3 Qd4+ 53.Kf1 Qc4+ 54.Ke1 a5 55.a3 Qe4+ 56.Kd2  1/2-1/2

[Event "48th Capablanca Open II 2013"]
[Site "Havana CUB"]
[Date "2013.04.24"]
[Round "4.30"]
[White "Perez Cruz,A"]
[Black "Cantillo,R"]
[Result "0-1"]
[WhiteElo "2024"]
[BlackElo "2177"]

1.e4 c5 2.Nf3 d6 3.Bb5+ Nd7 4.d4 Nf6 5.Nc3 a6 6.Bxd7+ Nxd7 7.a4 e6 8.O-O Be7
9.Be3 b6 10.Nd2 O-O 11.Qe2 cxd4 12.Bxd4 Bb7 13.f4 Rc8 14.Rad1 Qc7 15.Rf3 Bf6
16.Bxf6 Nxf6 17.Rg3 Qc5+ 18.Kh1 Rfd8 19.e5 dxe5 20.fxe5 Nd7 21.Nb3 Qe7 22.Rgd3 Nf8
23.Rd6 Ng6 24.R1d4 Rxd6 25.exd6 Qg5 26.Ne4 Qe5 27.Qd3 Rd8 28.c3 f5 29.Ned2 Nf4
30.Rxf4 Qxf4 31.Nc4 Qf2  0-1

[Event "48th Capablanca Open II 2013"]
[Site "Havana CUB"]
[Date "2013.04.24"]
[Round "4.4"]
[White "Charon Mustelier,M"]
[Black "Garcia Matos,R"]
[Result "1/2-1/2"]
[WhiteElo "2159"]
[BlackElo "2253"]

1.e4 c5 2.Nf3 d6 3.Bb5+ Nd7 4.c3 Nf6 5.Qe2 a6 6.Ba4 g6 7.O-O Bg7 8.d4 b5
9.Bc2 cxd4 10.cxd4 Nb6 11.Nbd2 O-O 12.Re1 Bb7 13.Nf1 Rc8 14.Ng3 e5 15.dxe5 dxe5
16.Bb3 Qe7 17.Bd2 Nxe4 18.Bc3 Nd7 19.a4 Nb6 20.axb5 axb5 21.Rec1 Rc7  1/2-1/2

[Event "48th Capablanca Open I 2013"]
[Site "Havana CUB"]
[Date "2013.04.24"]
[Round "4.56"]
[White "Fandino Reyes,R"]
[Black "Campos Vila,M"]
[Result "0-1"]
[WhiteElo "2067"]
[BlackElo "2253"]

1.e4 c5 2.Nf3 d6 3.Bb5+ Nd7 4.O-O a6 5.Bxd7+ Bxd7 6.c3 Nf6 7.Re1 Bc6 8.d4 Bxe4
9.Bg5 Bc6 10.Bxf6 gxf6 11.d5 Bd7 12.Nbd2 Qc7 13.a4 O-O-O 14.a5 e5 15.Nc4 Bg4
16.Nb6+ Kb8 17.Qd3 f5 18.Nd2 e4 19.Qc2 Rg8 20.Kh1 Bh6 21.Ndc4 Qe7 22.Ne3 Bxe3
23.fxe3 Rg6 24.Qf2 Rdg8 25.Rf1 Rh6 26.Rac1 Rg5 27.Qf4 Rgh5 28.Kg1 Rxh2 29.Qxh2 Rxh2
30.Kxh2 Qh4+ 31.Kg1 Qg3 32.Rce1 h5 33.Nd7+ Kc7 34.Nf6 Bf3 35.Rf2 h4 36.Kf1 h3
37.gxf3 h2 38.Rxh2 Qxh2 39.fxe4 fxe4 40.Ne8+ Kd7 41.Nf6+ Ke7 42.Ng8+ Kf8  0-1

[Event "48th Capablanca Open I 2013"]
[Site "Havana CUB"]
[Date "2013.04.24"]
[Round "4.52"]
[White "Estrada Nieto,J"]
[Black "Salgado Segui,Roberto"]
[Result "0-1"]
[WhiteElo "2284"]
[BlackElo "2226"]

1.e4 c5 2.Nf3 d6 3.Bb5+ Bd7 4.Bxd7+ Qxd7 5.O-O Nf6 6.Qe2 Nc6 7.Rd1 g6 8.d4 cxd4
9.Nxd4 Bg7 10.c4 O-O 11.Nc3 Rac8 12.Bg5 Nxd4 13.Rxd4 Ng4 14.Rdd1 Ne5 15.Rac1 f6
16.Be3 Nxc4 17.Bxa7 Bh6 18.Rb1 b6 19.Rd4 b5 20.Rxc4 Rxc4 21.Be3 Bxe3 22.Qxe3 Rfc8
23.Nd5 Qb7 24.h4 f5 25.Nb6 f4  0-1

[Event "ch-CHN 2013"]
[Site "Xinghua CHN"]
[Date "2013.04.24"]
[Round "8.6"]
[White "Wang Yue"]
[Black "Li Shilong"]
[Result "1-0"]
[WhiteElo "2706"]
[BlackElo "2558"]

1.e4 c5 2.Nf3 d6 3.Bb5+ Nd7 4.O-O a6 5.Bd3 Ngf6 6.c3 g6 7.Bc2 Bg7 8.d4 O-O
9.a4 Qc7 10.Re1 e5 11.Na3 cxd4 12.cxd4 exd4 13.Nxd4 Ne5 14.h3 Bd7 15.Bf4 Rac8
16.Bb3 Qa5 17.Nac2 Rfe8 18.Bd2 Qd8 19.Bb4 Nc6 20.Bc3 Rxe4 21.Ne3 Re8 22.Nxc6 Bxc6
23.Qd4 Nh5 24.Qc4 d5 25.Nxd5 Qg5 26.Bxg7 Kxg7 27.h4 Qd2 28.Ne7 Kh6 29.Rad1 Qa5
30.Qxf7 Rf8 31.Ng8+ Rxg8 32.g4 Nf6 33.Qxf6 Rgf8 34.Bf7 Rc7 35.Re7 Rxe7 36.Qxe7 Rc8
37.Be6 Rh8 38.Qf6 Qxa4 39.Re1 Qb4 40.Re5  1-0

[Event "ch-CHN w 2013"]
[Site "Xinghua CHN"]
[Date "2013.04.24"]
[Round "8.1"]
[White "Kuang Yinghui"]
[Black "Wang Jue"]
[Result "1/2-1/2"]
[WhiteElo "2212"]
[BlackElo "2401"]

1.e4 c5 2.Nf3 d6 3.Bb5+ Nd7 4.d4 cxd4 5.Qxd4 a6 6.Bxd7+ Bxd7 7.c4 e5 8.Qd3 b5
9.Nc3 bxc4 10.Qxc4 Qc8 11.Qd3 h6 12.O-O Nf6 13.Be3 Be6 14.Rfc1 Qb7 15.Nd2 Be7
16.Nc4 O-O 17.Nb6 Rab8 18.Rd1 Rfd8 19.b3 Nd7 20.Nbd5 Bf8 21.b4 Nf6 22.Nxf6+ gxf6
23.a3 Rbc8 24.Rab1 Rxc3 25.Qxc3 Qxe4 26.Bb6 Rc8 27.Qg3+ Kh7 28.Rbc1 Bc4 29.Re1 Qf5
30.f4 Be7 31.Qh4 e4 32.Bd4 d5 33.Rc3 Bd6 34.g4 Qxf4 35.Be3 Qe5 36.Bxh6 Qxh2+
37.Qxh2 Bxh2+ 38.Kxh2 Kxh6 39.Rh3+ Kg7 40.Kg3 Bd3 41.Kf4 Rc4 42.Reh1 Kf8
43.Rh8+ Ke7 44.Ra8 Rc2 45.g5 d4 46.gxf6+ Kxf6 47.a4 Rf2+ 48.Kg3 Rf3+ 49.Kg2 Rf5
50.b5 axb5 51.a5 e3 52.Re8 Be2 53.Rh6+ Kg5 54.Rd6 Rf2+ 55.Kg3 Rf3+ 56.Kg2 Rf2+
57.Kg3 Rf3+ 58.Kg2 Rf2+ 59.Kg3  1/2-1/2

[Event "48th Capablanca Open I 2013"]
[Site "Havana CUB"]
[Date "2013.04.25"]
[Round "5.44"]
[White "Ordunez Echarte,D"]
[Black "Rivera,I"]
[Result "1-0"]
[WhiteElo "2306"]
[BlackElo "2165"]

1.e4 c5 2.Nf3 d6 3.Bb5+ Bd7 4.Bxd7+ Qxd7 5.O-O Nc6 6.c3 Nf6 7.Re1 e6 8.d4 cxd4
9.cxd4 d5 10.e5 Ne4 11.Nbd2 Nxd2 12.Bxd2 Bb4 13.Rc1 Bxd2 14.Qxd2 O-O 15.Rc3 Rac8
16.h4 Ne7 17.Ra3 b6 18.h5 h6 19.Nh2 Rc4 20.g4 Rfc8 21.Rg3 Kf8 22.Qf4 Rc2
23.Nf1 Rxb2 24.Ne3 Ng8 25.g5 Qe7 26.gxh6 Nxh6 27.Kh1 f5 28.exf6 Qxf6 29.Qxf6+ gxf6
30.Rg6 Rxf2 31.Rxh6 Kg7 32.Rg6+ Kf7 33.Reg1 Rh8 34.h6 Rf4 35.R1g3 Rxd4 36.Rg7+ Kf8
37.Ng4 Rd1+ 38.Kg2 Rd2+ 39.Kf1 Rxa2 40.Rc7 Ra1+ 41.Kg2 Ra2+ 42.Kh3  1-0

[Event "Nakhchivan Open A 2013"]
[Site "Nakhchivan AZE"]
[Date "2013.04.25"]
[Round "4.17"]
[White "Umudova,N"]
[Black "Kotsur,P"]
[Result "0-1"]
[WhiteElo "2233"]
[BlackElo "2552"]

1.e4 c5 2.Nf3 d6 3.Bb5+ Nd7 4.c3 Nf6 5.Qe2 a6 6.Ba4 Qc7 7.d3 b6 8.O-O Bb7
9.Nbd2 e5 10.Bb3 Be7 11.Nc4 O-O 12.Bg5 h6 13.Bh4 Rfe8 14.Ne3 g6 15.Nd2 Qd8
16.Bg3 Bf8 17.f4 exf4 18.Rxf4 d5 19.Qf2 c4 20.Ndxc4 dxc4 21.Bxc4 Bg7 22.Rf1 b5
23.Bb3 Nc5 24.Rxf6 Bxf6 25.Ng4 Bg7 26.Bxf7+ Kh8 27.Bxe8 Nxd3 28.Qf7 Bxe4
29.Bd7 Ra7 30.Be5 Nxe5 31.Nxe5 Bxe5 32.Qe6 Bg7  0-1

[Event "ch-CHN 2013"]
[Site "Xinghua CHN"]
[Date "2013.04.25"]
[Round "9.4"]
[White "Zhao Jun"]
[Black "Xiu Deshun"]
[Result "0-1"]
[WhiteElo "2589"]
[BlackElo "2534"]

1.e4 c5 2.Nf3 d6 3.Bb5+ Bd7 4.Bxd7+ Qxd7 5.c4 Nf6 6.Nc3 g6 7.d4 cxd4 8.Nxd4 Bg7
9.f3 O-O 10.Be3 Nc6 11.O-O a6 12.a4 e6 13.Nde2 Rac8 14.Kh1 Rfe8 15.Bg5 Qc7
16.b3 Nd7 17.Rb1 Nc5 18.Bh4 h6 19.Bf2 Kh7 20.Nd4 Nb4 21.Nde2 Ncd3 22.Bg1 Red8
23.Na2 d5 24.Nxb4 Nxb4 25.cxd5 exd5 26.Ng3 h5 27.Qd2 Qe7 28.Bb6 Rd7 29.Ba5 Bc3
30.Qc1 Na2 31.Qc2 d4 32.Rfd1 d3 33.Qxa2 Bxa5 34.Qf2 Rc2 35.Qe3 h4 36.Nf1 Re2
37.Qf4 Bc3 38.Rbc1 d2 39.Rb1 b5 40.axb5 axb5 41.Qg4 b4 42.g3 Rd3 43.gxh4 Qe6
44.Qxe6 fxe6 45.Ng3 Rf2 46.Kg1 Rfxf3 47.Kg2 Rf4 48.Rh1 Bd4 49.Kh3 Rxe4 50.Rhf1 Kh6
51.Rbd1 Bc3  0-1

[Event "ch-CHN 2013"]
[Site "Xinghua CHN"]
[Date "2013.04.25"]
[Round "9.5"]
[White "Ma Qun"]
[Black "Li Chao2"]
[Result "1/2-1/2"]
[WhiteElo "2559"]
[BlackElo "2686"]

1.e4 c5 2.Nf3 d6 3.Bb5+ Bd7 4.Bxd7+ Qxd7 5.c4 Nf6 6.Nc3 Nc6 7.d4 Qg4 8.d5 Nd4
9.Nxd4 Qxd1+ 10.Nxd1 cxd4 11.f3 e5 12.Bg5 Be7 13.Bxf6 Bxf6 14.a4 Kd7 15.Ke2 Rhc8
16.b3 Bd8 17.Nb2 Ba5 18.Nd3 Bc3 19.Ra2 b6 20.Rf1 Re8 21.Kd1 a6 22.Rff2 h5
23.h4 f6 24.g4 Rh8 25.Rh2 hxg4 26.fxg4 b5 27.c5 dxc5 28.Nxc5+ Kd6 29.Nd3 a5
30.axb5 Rab8 31.Ra4 Rxb5 32.Rc4  1/2-1/2

[Event "ch-SRB 2013"]
[Site "Vrnjacka Banja SRB"]
[Date "2013.04.26"]
[Round "12.1"]
[White "Perunovic,Mio"]
[Black "Ratkovic,Milov"]
[Result "0-1"]
[WhiteElo "2434"]
[BlackElo "2296"]

1.e4 c5 2.Nf3 d6 3.Bb5+ Bd7 4.Bxd7+ Nxd7 5.O-O Ngf6 6.Qe2 e6 7.b3 Be7 8.Bb2 O-O
9.c4 Qc7 10.Nc3 a6 11.Kh1 Ne5 12.Nxe5 dxe5 13.f4 exf4 14.e5 Nd7 15.Rae1 Bh4
16.Rb1 Qxe5 17.Ne4 Qf5 18.g3 Bg5 19.Nxg5 Qxg5 20.gxf4 Qf5 21.Qg2 f6 22.Qxb7 Rad8
23.Rbe1 Rfe8 24.Qxa6 Nf8 25.Bc3 Ng6 26.Qb7 Nxf4 27.a4 e5 28.a5 Rb8 29.Qc6 Rec8
30.Qf3 Rxb3 31.a6 Qd3 32.Qg4 Rbb8 33.Rg1 Rc7 34.Rg3 Qxc4 35.Qf5 Qxa6 36.h4 Qe6
37.Qc2 Qf7 38.Rg4 Qh5 39.Reg1 f5 40.Rxg7+ Rxg7 41.Rxg7+ Kxg7 42.Bxe5+ Kg6  0-1

[Event "ch-CHN w 2013"]
[Site "Xinghua CHN"]
[Date "2013.04.26"]
[Round "10.2"]
[White "Zhang Xiaowen"]
[Black "Wang Jue"]
[Result "1-0"]
[WhiteElo "2367"]
[BlackElo "2401"]

1.e4 c5 2.Nf3 d6 3.Bb5+ Nd7 4.O-O a6 5.Bd3 Ngf6 6.Re1 e5 7.a4 Qc7 8.Na3 Be7
9.c3 O-O 10.Bc4 d5 11.Bxd5 Nxd5 12.exd5 e4 13.Rxe4 Nf6 14.Re1 Bg4 15.h3 Bh5
16.c4 Bd6 17.d3 Nd7 18.Nb1 Ne5 19.Nbd2 Nxd3 20.Re3 Nxc1 21.Rxc1 Bf4 22.Rb3 Rae8
23.Rcc3 f5 24.Nf1 Bd6 25.Re3 f4 26.Re6 Bf7 27.Rxe8 Bxe8 28.Ng5 Qe7 29.Rb6 f3
30.Nxf3 Bh5 31.Qe1 Qxe1 32.Nxe1 Rf6 33.Rxb7 Be2 34.Ne3 Bf4 35.N1c2 Be5 36.b4 Bd4
37.bxc5 Bxc5 38.Rc7 Bb6 39.Rc8+ Rf8 40.Rc6 Rb8 41.d6 Kf7 42.d7 Ba5 43.Rxa6 Rb1+
44.Kh2 Bc7+ 45.g3 Bf3 46.Ng2 Bb7 47.Rd6 Ke7 48.Rd2 Ba5 49.d8=Q+ Bxd8 50.Nce3 Ba5
51.Nd5+ Kd6 52.Nc3+  1-0

[Event "TCh-CZE Extraliga 2012-13"]
[Site "Czech Republic CZE"]
[Date "2013.04.27"]
[Round "10.4"]
[White "Petr,Ma"]
[Black "Duda,J"]
[Result "1-0"]
[WhiteElo "2521"]
[BlackElo "2456"]

1.e4 c5 2.Nf3 d6 3.Bb5+ Nd7 4.d4 cxd4 5.Qxd4 a6 6.Bxd7+ Bxd7 7.O-O e5 8.Qd3 h6
9.c4 Nf6 10.Nc3 Be7 11.a4 b6 12.b3 Bc6 13.Ba3 Ra7 14.Rfd1 Rd7 15.Nd2 O-O
16.Nf1 Nh5 17.Ne3 Nf4 18.Qc2 g6 19.Ncd5 Ne6 20.Nxe7+ Qxe7 21.Nd5 Qd8 22.Bc1 Nd4
23.Qd3 Bxd5 24.cxd5 Qh4 25.Be3 f5 26.exf5 Nxf5 27.Bxb6 e4 28.Qxa6 Re7 29.Qe2 Re5
30.Bd4 Nxd4 31.Rxd4 Rf4 32.Qe3 Rg5 33.g3 Rfg4 34.Kh1 Qh5 35.Rxe4 Rxe4 36.Qxe4 Re5
37.Qf4 Qe2 38.Rc1 Rf5 39.Qe3 Rxf2 40.Qxe2 Rxe2 41.Ra1 Re3 42.Ra3 Kf7 43.a5 Kf6
44.a6 Re8 45.b4 Kf5 46.a7 Ra8 47.b5 Kg4 48.Kg2 h5 49.b6 h4 50.gxh4  1-0

[Event "TCh-CZE Extraliga 2012-13"]
[Site "Czech Republic CZE"]
[Date "2013.04.27"]
[Round "10.5"]
[White "Velicka,P"]
[Black "Rausis,I"]
[Result "1/2-1/2"]
[WhiteElo "2469"]
[BlackElo "2512"]

1.e4 c5 2.Nf3 d6 3.Bb5+ Nd7 4.d4 Nf6 5.O-O cxd4 6.Qxd4 g6 7.e5 dxe5 8.Qxe5 Bg7
9.Re1 a6 10.Bxd7+ Bxd7 11.Bh6 Bxh6 12.Qxf6 O-O 13.Qxe7 Bc6 14.Qxd8 Rfxd8
15.Ne5 Be4 16.Na3 Bf5 17.c3 b5 18.Nc6 Rd2 19.Ne7+ Kg7 20.Nxf5+ gxf5 21.Rab1 Rad8
22.Kf1 Kf6 23.Re2 Rd1+ 24.Rxd1 Rxd1+ 25.Re1 Rd2 26.Re2 Rd1+ 27.Re1 Rd2 28.Re2 Rd1+  1/2-1/2

[Event "48th Capablanca Mem Elite"]
[Site "Havana CUB"]
[Date "2013.04.27"]
[Round "6.3"]
[White "Andreikin,D"]
[Black "Inarkiev,E"]
[Result "1-0"]
[WhiteElo "2727"]
[BlackElo "2688"]

1.e4 c5 2.Nf3 d6 3.Bb5+ Nd7 4.d4 cxd4 5.Qxd4 a6 6.Bxd7+ Bxd7 7.Nc3 Rc8 8.O-O e5
9.Qd3 h6 10.Be3 Nf6 11.Nd2 Qc7 12.a4 Be7 13.Rfc1 O-O 14.a5 Bc6 15.Nd5 Nxd5
16.exd5 Be8 17.c4 f5 18.f4 exf4 19.Bxf4 g5 20.Be3 Bf6 21.Bd4 Qg7 22.Bxf6 Qxf6
23.Qc3 Qg6 24.Re1 Bf7 25.Qd4 Rfe8 26.h4 f4 27.hxg5 hxg5 28.Kf2 g4 29.g3 Qh6
30.Rh1 Bh5 31.Ne4 Re5 32.Rxh5 Rxh5 33.Nf6+ Kf7 34.Nxh5 fxg3+ 35.Kg2 Qxh5
36.Rf1+ Kg8 37.Rh1 Qe5 38.Qxg4+ Kf7 39.Rh7+ Kf6 40.Qf3+ Kg6 41.Qf7+  1-0

[Event "48th Capablanca Open I 2013"]
[Site "Havana CUB"]
[Date "2013.04.27"]
[Round "6.37"]
[White "Gil Alba,H"]
[Black "Leiva,G"]
[Result "0-1"]
[WhiteElo "2236"]
[BlackElo "2388"]

1.e4 c5 2.Nf3 d6 3.Bb5+ Nd7 4.d4 Nf6 5.Nc3 cxd4 6.Qxd4 e5 7.Qd3 h6 8.Be3 Be7
9.O-O Qc7 10.Ba4 a6 11.Bb3 Nc5 12.Bxc5 Qxc5 13.Nd5 Nxd5 14.Bxd5 O-O 15.Nd2 Bg5
16.Nb1 Rb8 17.Nc3 b5 18.Bb3 a5 19.a4 b4 20.Nb5 Rd8 21.Qf3 Be6 22.Rad1 Rd7
23.h4 Bxb3 24.cxb3 Bxh4 25.Rd5 Qc6 26.Rfd1 Rbd8 27.Qd3 Be7 28.Qc4 Qb6 29.Rc1 Bh4
30.Rc2 Kf8 31.Rd3 Ke7 32.Nc7 Qa7 33.Rf3 Kf8 34.Ne6+ Kg8 35.Nxd8 Bxd8 36.Qd5 Bb6
37.Rc8+ Kh7 38.g3 Kg6 39.Rc6 f6 40.Rc8 Rc7 41.Rxc7 Qxc7 42.Kg2 Bd4 43.Qa8 Bxb2
44.Qe8+ Kh7 45.Qe6 Bd4 46.Qf5+ Kg8 47.g4 Qc6 48.g5 hxg5 49.Rh3 d5 50.Qh7+ Kf7
51.Qh5+ Ke6 52.Qg4+ Kd6 53.Rh8 dxe4 54.Rd8+ Ke7 55.Qc8 Qxc8 56.Rxc8 f5 57.Rc6 g4
58.Ra6 f4 59.Rg6 g3 60.f3 e3 61.Kf1 Kf7 62.Rg4 Kf6 63.Ke2 g5  0-1

[Event "48th Capablanca Open II 2013"]
[Site "Havana CUB"]
[Date "2013.04.27"]
[Round "6.8"]
[White "Charon Mustelier,M"]
[Black "Soria,K"]
[Result "1-0"]
[WhiteElo "2159"]
[BlackElo "2233"]

1.e4 c5 2.Nf3 d6 3.Bb5+ Bd7 4.Bxd7+ Qxd7 5.O-O Nc6 6.c3 d5 7.exd5 Qxd5 8.d4 e6
9.Qa4 cxd4 10.Nxd4 Qa5 11.Qxa5 Nxa5 12.Nb5 Kd7 13.Rd1+ Kc6 14.Nd4+ Kb6 15.b4 Nc4
16.Nd2 Nxd2 17.Bxd2 Nf6 18.c4 Be7 19.Nf3 Ne4 20.Be3+ Ka6 21.Rd3 Bxb4 22.Rb1 Rad8
23.Rxb4  1-0

[Event "48th Capablanca Open II 2013"]
[Site "Havana CUB"]
[Date "2013.04.27"]
[Round "6.23"]
[White "Blanco Milet,L"]
[Black "Guillen Napoles,J"]
[Result "0-1"]
[WhiteElo "2013"]
[BlackElo "2150"]

1.e4 c5 2.Nf3 d6 3.Bb5+ Nd7 4.O-O a6 5.Bxd7+ Bxd7 6.c4 e5 7.Nc3 Nf6 8.d3 b5
9.Bg5 Be7 10.cxb5 axb5 11.a4 bxa4 12.Nxa4 Rb8 13.Qc2 O-O 14.Rfb1 Rb7 15.h3 Qb8
16.Bxf6 Bxf6 17.Nd2 Bg5 18.Nc4 f5 19.Nc3 Be6 20.Ra6 Rd8 21.Qe2 Rb3 22.Qc2 Rb7
23.Qe2 Rb3 24.Qc2 Bf6 25.Na5 Rb6 26.Rxb6 Qxb6 27.Nc4 Qc6 28.Ne3 f4 29.Ng4 Be7
30.f3 Bh4 31.Ra1 Rb8 32.Rb1 Rb3 33.Nf2 Qb6 34.Nfd1 c4+ 35.Kh1 Qd4 36.dxc4 Qxc4
37.Qe2 Qc6 38.Qd2 Bc4 39.Rc1 Qa6 40.Nb1 Be6 41.Ndc3 Rb4 42.Nd5 Rd4 43.Nc7 Rxd2
44.Nxa6 Rxb2 45.Nc7 Bc4 46.Nc3 Kf7 47.N7d5 h5 48.Rb1 Rc2 49.Rb7+ Kg8 50.Rb1 Kh7
51.Rd1 g6 52.Na4 Be2 53.Rb1 g5 54.Ne7 Bb5 55.Nb6 Bd3 56.Rd1 g4 57.Nf5 Bf2
58.Nd5 Be2 59.Rb1 Kg6 60.hxg4 hxg4 61.fxg4 Bxg4 62.Nxd6 f3 63.Nb5 Bc5 64.Kh2 fxg2
65.Kg3 Kg5  0-1

[Event "45th Italian Teams 2013"]
[Site "Bratto ITA"]
[Date "2013.04.28"]
[Round "3"]
[White "Collutiis,D"]
[Black "Ramondino,R"]
[Result "1/2-1/2"]
[WhiteElo "2473"]
[BlackElo "2209"]

1.e4 c5 2.Nf3 d6 3.Bb5+ Bd7 4.Bxd7+ Qxd7 5.O-O Nf6 6.Qe2 Nc6 7.Rd1 g5 8.c3 g4
9.Nh4 O-O-O 10.d4 d5 11.e5 Ne4 12.Be3 Rg8 13.Nd2 Nxd2 14.Rxd2 cxd4 15.cxd4 e6
16.g3 Be7 17.Ng2 f6 18.exf6 Bxf6 19.Nf4 Rde8 20.Rad1 b6 21.Qb5 Kb7 22.Rc1 a6
23.Qe2 Rc8 24.Qd1 Nd8 25.Rxc8 Qxc8 26.Rc2 Qd7 27.Qd3  1/2-1/2

[Event "TCh-CZE Extraliga 2012-13"]
[Site "Czech Republic CZE"]
[Date "2013.04.28"]
[Round "11.7"]
[White "Priehoda,V"]
[Black "Vlasak,Lu"]
[Result "0-1"]
[WhiteElo "2414"]
[BlackElo "2330"]

1.e4 c5 2.Nf3 d6 3.Bb5+ Nd7 4.c3 Nf6 5.Qe2 a6 6.Ba4 b5 7.Bc2 Bb7 8.O-O e5
9.d4 Be7 10.Rd1 Qc7 11.d5 c4 12.a4 Nc5 13.Na3 Qd7 14.h3 O-O 15.Nh2 Rfb8 16.Ng4 Nxg4
17.hxg4 Bc8 18.f3 Bd8 19.Be3 Bb6 20.Rab1 Ba7 21.axb5 axb5 22.Ra1 Ba6 23.Qe1 Qb7
24.Kh2 Qc8 25.Rdb1 h6 26.Qg1 b4 27.cxb4 Rxb4 28.Bd1 Qb7 29.Nc2 Rb3 30.Ra3 Rb8
31.Rxb3 cxb3 32.Ne1 Bb6 33.Qf2 Bc4 34.Ra1 Ra8 35.Rxa8+ Qxa8 36.Be2 Qa6 37.Bxc4 Qxc4
38.Qd2 Qb5 39.Bxc5 Qxc5 40.Nd3 Qg1+ 41.Kg3 Be3 42.Qe2 g5 43.f4 gxf4+ 44.Kf3 Bd4  0-1

[Event "48th Capablanca Open I 2013"]
[Site "Havana CUB"]
[Date "2013.04.28"]
[Round "7.29"]
[White "Pina Vega,S"]
[Black "Bacallao Alonso,Y"]
[Result "0-1"]
[WhiteElo "2332"]
[BlackElo "2542"]

1.e4 c5 2.Nf3 d6 3.Bb5+ Nd7 4.c3 a6 5.Ba4 Nf6 6.Qe2 Qc7 7.O-O e6 8.d4 b5
9.Bb3 Bb7 10.Nbd2 Be7 11.a4 O-O 12.Ng5 h6 13.Nh3 cxd4 14.cxd4 e5 15.d5 Nc5
16.Bd1 Bc8 17.Ra3 Bg4 18.f3 Bxh3 19.gxh3 Nh5 20.Nb1 b4 21.Ra1 Bg5 22.f4 Nxf4
23.Bxf4 Bxf4 24.Kh1 f5 25.exf5 Qf7 26.Qg2 Qxf5 27.Nd2 Qd3 28.Rg1 Ra7 29.Nf1 Bg5
30.Bc2 Qf3 31.Ng3 b3 32.Be4 Qxg2+ 33.Rxg2 Rf4 34.Re2 Bh4 35.Bg6 Rf6 36.Be8 Rf4
37.Bg6 Bxg3 38.hxg3 Rf6 39.Be8 Kf8 40.Bc6 Raf7  0-1

[Event "48th Capablanca Open II 2013"]
[Site "Havana CUB"]
[Date "2013.04.28"]
[Round "7.32"]
[White "Perez Cruz,A"]
[Black "Martinez Ival,C"]
[Result "0-1"]
[WhiteElo "2024"]
[BlackElo "2129"]

1.e4 c5 2.Nf3 d6 3.Bb5+ Nd7 4.d4 cxd4 5.Qxd4 a6 6.Bxd7+ Bxd7 7.Nc3 Nf6 8.h3 g6
9.Be3 Bg7 10.O-O-O O-O 11.Qd3 Rc8 12.Nd4 b5 13.g4 b4 14.Nd5 Nxd5 15.exd5 Qa5
16.Kb1 Rfe8 17.Nb3 Qc7 18.Bd4 Bf6 19.f4 a5 20.Bxf6 exf6 21.Nd2 f5 22.Rc1 Qb6
23.Rhe1 Qf2 24.Rf1 Qe3 25.Nc4 Qc5 26.b3 Bb5 27.gxf5 Bxc4 28.bxc4 Qxc4 29.fxg6 hxg6
30.Rcd1 Re2 31.Qxc4 Rxc4 32.Rc1 Rd2 33.f5 g5 34.f6 Rxd5 35.Rce1 Rf4 36.Rg1 Rxf6
37.h4 Rg6 38.hxg5 Rgxg5 39.Re8+ Kg7 40.Rh1 Rd4 41.Rhh8 Rg6 42.Rhg8+ Kf6 43.Rgf8 a4
44.a3 Rg1+ 45.Kb2 bxa3+ 46.Kxa3 Rg3+ 47.Ka2 Rc4 48.Re2 Kg7 49.Rd8 Rc6 50.Rd7 Rgc3
51.Kb1 Rf3 52.Rd2 Rb6+ 53.Ka2 a3 54.R7xd6 Rb2+ 55.Ka1 Rf1+ 56.Rd1 Rxd1+ 57.Rxd1 Rxc2
58.Rd3 f5 59.Kb1 a2+ 60.Ka1 Rc1+ 61.Kxa2 Kg6 62.Kb2 Rc5 63.Rg3+ Kh5 64.Rg8 f4
65.Kb3 Kh4 66.Kb4 Rc7 67.Rg6 f3 68.Rg8 f2 69.Rf8 Kg3 70.Rg8+ Kh2 71.Rh8+ Kg1
72.Rg8+ Kf1 73.Kb3 Re7 74.Rh8 Ke1  0-1